Sports Quiz

Random Sports or Numbers Quiz
Score 0/16 Timer 02:00
0 Plays Today
Number of Titles Team % Correct
9New York Yankees
100%
3Boston Red Sox
96.8%
4Oakland Athletics
90.6%
5St. Louis Cardinals
88.7%
2Kansas City Royals
86%
2Minnesota Twins
86%
4Los Angeles Dodgers
84.6%
2Detroit Tigers
84.1%
Number of Titles Team % Correct
3Baltimore Orioles
82.7%
3Cincinnati Reds
80.9%
2Philadelphia Phillies
80%
2Miami Marlins
79.8%
3San Francisco Giants
78.4%
3Pittsburgh Pirates
57.7%
2New York Mets
57.4%
2Toronto Blue Jays
40%
Remove Ads.
Support Sporcle.
Get the best of Sporcle when you Go Orange. This ad-free experience offers more features, more stats, and more fun while also helping to support Sporcle. Thank you for becoming a member.

You're not logged in!

Compare scores with friends on all Sporcle quizzes.
OR
Log In

Show Comments

Extras

Top Quizzes Today


Score Distribution

Your Account Isn't Verified!

In order to create a playlist on Sporcle, you need to verify the email address you used during registration. Go to your Sporcle Settings to finish the process.

Report this User

Report this user for behavior that violates our Community Guidelines.

Details: